Cargando…

Modern Pricing of Interest-Rate Derivatives : The LIBOR Market Model and Beyond /

In recent years, interest-rate modeling has developed rapidly in terms of both practice and theory. The academic and practitioners' communities, however, have not always communicated as productively as would have been desirable. As a result, their research programs have often developed with lit...

Descripción completa

Detalles Bibliográficos
Autor principal: Rebonato, Riccardo
Formato: Electrónico eBook
Idioma:Inglés
Publicado: Princeton, N.J. : Princeton University Press, 2002.
Colección:Book collections on Project MUSE.
Temas:
Acceso en línea:Texto completo

MARC

LEADER 00000cam a22000004a 4500
001 musev2_30962
003 MdBmJHUP
005 20230905043255.0
006 m o d
007 cr||||||||nn|n
008 030725s2002 nju o 00 0 eng d
020 |a 9781400829323 
020 |z 9780691089737 
035 |a (OCoLC)899266219 
040 |a MdBmJHUP  |c MdBmJHUP 
100 1 |a Rebonato, Riccardo. 
245 1 0 |a Modern Pricing of Interest-Rate Derivatives :   |b The LIBOR Market Model and Beyond /   |c Riccardo Rebonato. 
264 1 |a Princeton, N.J. :  |b Princeton University Press,  |c 2002. 
264 3 |a Baltimore, Md. :  |b Project MUSE,   |c 2015 
264 4 |c ©2002. 
300 |a 1 online resource (480 pages):   |b illustrations 
336 |a text  |b txt  |2 rdacontent 
337 |a computer  |b c  |2 rdamedia 
338 |a online resource  |b cr  |2 rdacarrier 
505 0 0 |t Frontmatter --  |t Contents --  |t Introduction --  |t Acknowledgements --  |t Part I. The Structure of the LIBOR Market Model --  |t Part II. The Inputs to the General Framework --  |t Part III. Calibration of the LIBOR Market Model --  |t Part IV. Beyond the Standard Approach: Accounting for Smiles --  |t Bibliography --  |t Index 
520 |a In recent years, interest-rate modeling has developed rapidly in terms of both practice and theory. The academic and practitioners' communities, however, have not always communicated as productively as would have been desirable. As a result, their research programs have often developed with little constructive interference. In this book, Riccardo Rebonato draws on his academic and professional experience, straddling both sides of the divide to bring together and build on what theory and trading have to offer. Rebonato begins by presenting the conceptual foundations for the application of the LIBOR market model to the pricing of interest-rate derivatives. Next he treats in great detail the calibration of this model to market prices, asking how possible and advisable it is to enforce a simultaneous fitting to several market observables. He does so with an eye not only to mathematical feasibility but also to financial justification, while devoting special scrutiny to the implications of market incompleteness. Much of the book concerns an original extension of the LIBOR market model, devised to account for implied volatility smiles. This is done by introducing a stochastic-volatility, displaced-diffusion version of the model. The emphasis again is on the financial justification and on the computational feasibility of the proposed solution to the smile problem. This book is must reading for quantitative researchers in financial houses, sophisticated practitioners in the derivatives area, and students of finance. 
546 |a English. 
588 |a Description based on print version record. 
650 7 |a LIBOR market model.  |2 fast  |0 (OCoLC)fst01749018 
650 7 |a Interest rate futures.  |2 fast  |0 (OCoLC)fst00976165 
650 7 |a BUSINESS & ECONOMICS  |x Finance.  |2 bisacsh 
650 6 |a Marches à terme de taux d'interêt. 
650 6 |a Modele de marche LIBOR. 
650 0 |a Interest rate futures. 
650 0 |a LIBOR market model. 
655 7 |a Electronic books.   |2 local 
710 2 |a Project Muse.  |e distributor 
830 0 |a Book collections on Project MUSE. 
856 4 0 |z Texto completo  |u https://projectmuse.uam.elogim.com/book/30962/ 
945 |a Project MUSE - Custom Collection 
945 |a Project MUSE - Archive Complete Supplement III 
945 |a Project MUSE - Archive Political Science and Policy Studies Supplement III